Where Am I in South America? Quiz Stats

 Plays Quiz Updated Apr 17, 2018

Score 0/13 Timer 04:00
10 Plays Today
% Correct
Good job, this is indeed
the Caribbean Sea.
91.2%
Correct, this is
Santiago, Chile.
88.8%
Very good,
this is
definitely
Lima, Peru!
83.9%
Correct, this is
Bogotá, Colombia.
83.8%
Right, it's
Brasília!
82.3%
Yes, this is
Montevideo,
Uruguay.
80.6%
Yes! This is part of
the Amazon. Lake
Titicaca is
down there.
73.7%
That is
Fortaleza.
Rio is
down here.
72.5%
That's actually Asunción,
Paraguay. La Paz,
Bolivia's over here.
67%
Correct, Buenos
Aires is up
there! This is
a small town
called Mazarredo.
56.5%
Right, these are the
Galápagos Islands.
Easter Island is
way down there.
55.6%
Nice work. This is Georgetown,
Guyana. Caracas is
to the northwest.
55.4%
Good! The Falklands
are over there.
These are the South
Sandwich Islands.
46.9%

You're not logged in!

Compare scores with friends on all Sporcle quizzes.
OR
Log In

Sporcle TV

Today on Sporcle TV


Watch our educational content, quiz creation guides, and fun videos on Sporcle TV.

Show Comments

Extras

Top Quizzes Today


Score Distribution

Your Account Isn't Verified!

In order to create a playlist on Sporcle, you need to verify the email address you used during registration. Go to your Sporcle Settings to finish the process.

Report this User

Report this user for behavior that violates our Community Guidelines.

Details: